000 00597nam a2200229Ia 4500
003 OSt
005 20221007065323.0
006 a|||||r|||| 00| 0
007 ta
008 221006b |||||||| |||| 00| 0 eng d
024 _a11,331
037 _cTextual
040 _aFLL
_cFLL
_beng
041 _2eng
_aeng
082 _aU8:58:N7, L1
100 _aMenon K.P.S. Au.
_9191584
245 0 _aRussia revisited
260 _aDelhi
_bVikas publications India
_c1971
300 _a109p
_ccm.
942 _hU8:58:N7, L1
_cTEXL
_2CC
999 _c1136981
_d1136981